000 00386nam a2200121Ia 4500
008 220217s9999 xx 000 0 und d
245 0 _aMethods of test for natural rubber. Part II. Determination of volatile matter. (Third Revision).
260 _c1985
500 _aStandard number: IS 3660 Part II ISO 248:2005
650 _aNatural rubber
650 _aVolatile matter
942 _cST
999 _c73729
_d73729